Nag mamagandang loob po! : (Record no. 4077)

MARC details
000 -LEADER
fixed length control field 00719nam a22001817a 4500
003 - CONTROL NUMBER IDENTIFIER
control field OSt
005 - DATE AND TIME OF LATEST TRANSACTION
control field 20250819062758.0
008 - FIXED-LENGTH DATA ELEMENTS--GENERAL INFORMATION
fixed length control field 250819b |||||||| |||| 00| 0 eng d
040 ## - CATALOGING SOURCE
Original cataloging agency DWC-Main Lib
Transcribing agency OC
082 ## - DEWEY DECIMAL CLASSIFICATION NUMBER
Classification number Fil. 306.4 P681n 2010
100 ## - MAIN ENTRY--PERSONAL NAME
Personal name Pitogo, Resti Reyes
245 ## - TITLE STATEMENT
Title Nag mamagandang loob po! :
Remainder of title ang pamana ng ginintuang ambahan ng hanunuo-mangyan para sa likas-kayang kaginhawaan ng sambayanang Pilipino/
Statement of responsibility, etc. Resti Reyes Pitogo
260 ## - PUBLICATION, DISTRIBUTION, ETC.
Place of publication, distribution, etc. [Mindoro], Philippines :
Name of publisher, distributor, etc. Mangyan Heritage Center,
Date of publication, distribution, etc. c2010.
300 ## - PHYSICAL DESCRIPTION
Extent iii, 253 pages :
Other physical details illustrations ;
Dimensions 28cm.
504 ## - BIBLIOGRAPHY, ETC. NOTE
Bibliography, etc. note Includes bibliography.
650 ## - SUBJECT ADDED ENTRY--TOPICAL TERM
Topical term or geographic name entry element 1. Mangyans --- Philippines --- Culture and Traditions.
942 ## - ADDED ENTRY ELEMENTS (KOHA)
Source of classification or shelving scheme Dewey Decimal Classification
Koha item type Book-Filipiniana
Call number prefix Fil.
Suppress in OPAC No
952 ## - LOCATION AND ITEM INFORMATION (KOHA)
--
Holdings
Withdrawn status Lost status Source of classification or shelving scheme Damaged status Not for loan Home library Current library Shelving location Date acquired Source of acquisition Total Checkouts Full call number Barcode Date last seen Copy number Price effective from Koha item type Uniform Resource Identifier
    Dewey Decimal Classification     College Library College Library Filipiniana 09/01/2023 Donation   Fil. 306.4 P681n 2010 CL53899 08/19/2025 c1 08/19/2025 BK - FIL